000 00518nam a22001697a 4500
005 20240430121956.0
008 240430b |||||||| |||| 00| 0 eng d
020 _a9780409059175 ; 9780409050585
041 _aEnglish
082 _a343.7 REY
100 _lEnglish
245 _aCompetition Law of South Africa /
_cP Sutherland and K Kemp
260 _aDurban:
_bLexisNexis(Pty) Ltd,
_c2000
300 _bvii, 117 pages;
_c26 cm.
650 _aLegal practice
_bLaw
942 _cBK
_6ALISON_BN_VRIES
999 _c1580
_d1580